Sociologie pro ekonomy a manažery

Gespeichert in:
Bibliographische Detailangaben
1. Verfasser: Nový, Ivan
Weitere Verfasser: Surynek, Alois
Format: Buch
Sprache:Tschechisch
Veröffentlicht: Praha Grada Publishing, a.s. 2002
Schlagworte:
Tags: Tag hinzufügen
Keine Tags, Fügen Sie das erste Tag hinzu!

MARC

LEADER 00000nam$a2200000$$$4500
001 0007766
005 20221207102803.2
020 |a 80-247-0384-X 
041 0 |a cze 
044 |a CZ 
245 1 0 |a Sociologie pro ekonomy a manažery  |c Ivan Nový, Alois Surynek 
264 1 |a Praha  |b Grada Publishing, a.s.  |c 2002 
300 |a 191 s. 
610 2 0 |a sociológia 
610 2 0 |a vzťahy spoločenské 
610 2 0 |a kultúra 
610 2 0 |a informácie sociálne 
610 2 0 |a štruktúra sociálna 
610 2 0 |a Česko 
610 2 0 |a systémy sociálne 
610 2 0 |a systémy sociálno-ekonomické 
610 2 0 |a skupiny pracovné 
610 2 0 |a práca 
610 2 0 |a práca tímová 
610 2 0 |a deľba práce 
100 1 |a Nový, Ivan 
700 1 |a Surynek, Alois